000 00296nam a22001337a 4500
008 170828b xxu||||| |||| 00| 0 eng d
020 _a9781557982414
041 _aeng
080 _24 ED
_a070
100 _a39
101 _aMED
245 _aPUBLIC SPEAKING
_cSIMONDS.CH.J
942 _2udc
_cBK
999 _c25201
_d25201